Great Britain 2012 Olympics Football Squad - Statistics

General Stats
  • This quiz has been taken 1,369 times
  • The average score is 7 of 18
Answer Stats
Hint1 Answer % Correct
7 MF Manchester United Ryan Giggs
75%
9 FW Chelsea Daniel Sturridge
70%
1 GK Birmingham City Jack Butland
64%
2 DF Manchester City Micah Richards
64%
18 MF Arsenal Aaron Ramsey
50%
11 FW Liverpool Craig Bellamy
41%
20 MF Tottenham Hotspur Danny Rose
41%
8 MF Swansea City Joe Allen
38%
5 DF West Bromwich Albion Craig Dawson
33%
10 MF Manchester United Tom Cleverley
33%
21 DF Chelsea Ryan Bertrand
30%
23 DF West Ham United James Tomkins
27%
22 DF Swansea City Neil Taylor
27%
3 DF Tottenham Hotspur Steven Caulker
25%
17 MF Swansea City Scott Sinclair
24%
4 MF Southampton Jack Cork
23%
12 GK Middlesbrough Jason Steele
23%
16 FW Bolton Wanderers Marvin Sordell
23%
No matching quizzes found
Score Distribution
Percent of People with Each Score
Percentile by Number Answered
Your Score History
You have not taken this quiz